Los 5 países con más línea costera por continente - Estadísticas

Estadísticas generales
  • Esta prueba ha sido intentada 55 veces
  • La puntuación promedio es 27 de 30
Estadísticas de respuestas
Continente Población País % Correcto
Asia 14,500 China
100%
Asia 54,716 Indonesia
100%
Oceanía 25,760 Australia
98%
Europa 83,281 Noruega
98%
Oceanía 15,134 Nueva Zelanda
98%
Europa 37,653 Rusia
98%
América del Sur 4,989 Argentina
96%
América del Sur 7,491 Brasil
96%
América del Norte 202,080 Canadá
96%
América del Norte 19,924 Estados Unidos
96%
América del Norte 9,330 México
96%
Europa 12,429 Reino Unido
96%
América del Sur 6,435 Chile
93%
Asia 29,751 Japón
93%
África 2,798 Sudáfrica
93%
América del Sur 3,208 Colombia
91%
América del Norte 3,735 Cuba
91%
Europa 7,600 Italia
91%
África 2,945 Marruecos
91%
América del Sur 2,800 Venezuela
91%
África 4,828 Madagascar
89%
Asia 36,289 Filipinas
87%
Oceanía 5,152 Papúa Nueva Guinea
87%
Europa 13,676 Grecia
85%
África 2,470 Mozambique
80%
Oceanía 6,112 Micronesia
76%
África 3,333 Somalia
76%
América del Norte 3,542 Bahamas
74%
Oceanía 5,313 Islas Salomón
72%
Asia 7,200 Turquía
65%
No se encontraron pruebas coincidentes
Distribución de puntuación
Porcentaje de gente con cada puntuación
Porcentaje por número respondido
Historial de tus puntuaciones
No has intentado esta prueba.